Ponte Pa Mi - Rauw Alejandro ft. Myke Towers - Estadísticas

Estadísticas generales
  • Esta prueba ha sido intentada 10 veces
  • La puntuación promedio es 325 de 390
Estadísticas de respuestas
Respuesta % Correcto
a
100%
como
100%
con
100%
dime
100%
Dime
100%
dormir?
100%
en
100%
es
100%
la
100%
lo
100%
me
100%
no
100%
No
100%
o
100%
piensa
100%
piensa'
100%
piensas
100%
piensas?
100%
pienso
100%
puede
100%
que
100%
resistir
100%
se
100%
Se
100%
si
100%
Si
100%
te
100%
ti
100%
tu
100%
Tu
100%
va'
100%
va
100%
y
100%
Yo
100%
yo
100%
bellaquera
89%
da
89%
del
89%
esta
89%
le
89%
mi
89%
Nos
89%
nos
89%
pa'
89%
Pa'
89%
por
89%
quien
89%
quiere'
89%
Rauw
89%
vas
89%
abrir
78%
Alejandro
78%
casi
78%
Dale
78%
de
78%
el
78%
El
78%
'el
78%
esperando
78%
fe
78%
ha
78%
hacer
78%
llamada
78%
Myke
78%
ponte
78%
Ponte
78%
Sigo
78%
suene
78%
Towers
78%
volver?
78%
512
67%
asiento
67%
Baby
67%
Bebe
67%
cama
67%
camino
67%
chofer
67%
ella
67%
Ella
67%
fue
67%
hablo
67%
hice
67%
-ir
67%
llega
67%
los
67%
momento
67%
nene
67%
noche
67%
nombre
67%
oreja
67%
Paris
67%
parqueamo'
67%
perdi
67%
pierdo
67%
quieres
67%
quiero
67%
roca
67%
ropa
67%
Sin
67%
tiempo
67%
to'a
67%
toda
67%
torre
67%
Un
67%
un
67%
Voy
67%
activo
56%
bajar
56%
blune'
56%
Calentandonos
56%
castillo
56%
¿Con
56%
conoce
56%
construir
56%
¿Cuando
56%
darte
56%
dejan
56%
desde
56%
destroce
56%
¿en
56%
Enrola
56%
eres
56%
eso
56%
fecha
56%
gusta
56%
hasta
56%
Hasta
56%
mande
56%
mientras
56%
Nadie
56%
ninguna
56%
partie'
56%
placer
56%
podido
56%
¿que
56%
querer
56%
reina
56%
reja
56%
riega
56%
roce
56%
rompe
56%
salga
56%
salir
56%
Solo
56%
sustituir
56%
tienes
56%
tus
56%
vamo'
56%
venirte
56%
vida
56%
vo'a
56%
voce'
56%
Whiskey
56%
creo
44%
espere
44%
King
44%
lunares
44%
mañana
44%
mas
44%
minuto
44%
pueden
44%
quede
44%
saberlo
44%
Young
44%
aqui
33%
brinque
33%
encima
33%
rebote'
33%
No se encontraron pruebas coincidentes
Distribución de puntuación
Porcentaje de gente con cada puntuación
Porcentaje por número respondido
Historial de tus puntuaciones
No has intentado esta prueba.